| 000 | 00455nam a22001817a 4500 | ||
|---|---|---|---|
| 003 | OSt | ||
| 005 | 20220819134526.0 | ||
| 008 | 220819b |||||||| |||| 00| 0 eng d | ||
| 020 | _a0521566940 | ||
| 040 | _cIFM Library | ||
| 082 | _a519.2 | ||
| 100 |
_aStirzaker,D. _96260 |
||
| 245 | _aElementary Probability | ||
| 260 |
_aNew york _bCambridge University Press _c1996 |
||
| 300 |
_a373p.: _bill.;24cm |
||
| 500 | _aIncludes Index | ||
| 942 |
_cBK _2ddc _n0 |
||
| 999 |
_c20182 _d20182 |
||